000 00575nmm a2200241 a 4500
003 AR-BaBNM
005 20251128211434.0
008 264020s2000 ||||||||||||||000 | spa||
020 _a950-24-0933-7
040 _cAR-BaBNM
100 1 _aBox, Su
245 1 0 _aEl arca de NoƩ
260 _aBuenos Aires
_bAlbatros
_c2000
300 _a31 p.
650 4 _aLITERATURA INFANTIL
650 4 _aLIBROS PARA NINOS
650 4 _aBIBLIA
650 4 _aEDUCACION RELIGIOSA
655 _aLITERATURA
700 1 _aPoole, Susie
_eilustrador
942 _cBK
998 _cmartin
999 _c19696
_d19696